000 010440000a22002530004500
090 _aAR
_b00123
245 1 0 _aSynonymy and variation in Eleutherodactylus bicumulus (<Peters>) from northern Venezuela, with a description of a new species (<Amphibia: Leptodactylidae>)
650 1 4 _aTaxonomía
_992343
650 1 4 _aAnfibios
_992768
650 1 4 _aFauna
_992594
650 1 4 _aMorfología
_992917
650 1 4 _aBiología
_992
651 4 _pVenezuela
_992749
653 _fLeptodactylidae
_gEleutherodactylus
_eEleotherodactylus orocostalis
653 _fLeptodactylidae
_gEleutherodactylus
_eEleotherodactylus racenisi
653 _fLeptodactylidae
_gEleutherodactylus
_eEleotherodactylus williamsi
653 _fLeptodactylidae
_gEleutherodactylus
_eEleotherodactylus bicumulus
653 _fLeptodactylidae
_gEleutherodactylus
_eEleotherodactylus riveroi
041 0 _aInglés
700 1 _aLa Marca, Enrique
_922766
100 1 _aLynch, John D.
_992907
942 _cARTICULO
773 1 _tCaribbean Journal of Science
_355
_h3-4
_q133-146
_d1993
_g29
999 _c9224
_d9224